| 000 | 00970nam a2200313 i 4500 | ||
|---|---|---|---|
| 003 | EG-GICUC | ||
| 005 | 20260502114524.0 | ||
| 008 | 260502s1952 us ||||fr|||| 000 0 eng d | ||
| 040 |
_aEG-GiCUC _beng _cEG-GiCUC _dEG-GiCUC _erda |
||
| 082 | 0 | 4 |
_221 _a343.6 _bBA . N |
| 092 | 0 | 4 | _221 |
| 099 | _aLaw1 10 343.6 BA . N 1952 | ||
| 100 | 1 |
_aBarnes, Harry Elmer _eAuthor. |
|
| 245 | 1 | 0 |
_aNew Horizons in Criminology / _cHarry Elmer Barnes, Negley K. Teeters. _b _n |
| 250 | _aSecond Edition | ||
| 264 | 1 |
_aHoboken : _bPrentice-hall, INC, _c1952. |
|
| 300 |
_a887pages : _billustrations, _c24 cm |
||
| 336 |
_2rda content _atext |
||
| 337 |
_2rda media _aComputer |
||
| 338 |
_2rda carrier _aOnline Resource |
||
| 504 | _a | ||
| 546 | _aText in English | ||
| 650 | 1 | 4 |
_aCriminal law _2 |
| 651 | 1 | _2 | |
| 700 | 1 |
_aTeeters, Negley K _ejoint author. |
|
| 856 | 4 | 0 | _uhttps://fll.law.cu.edu.eg/fulltext/bks/B10-10754.pdf |
| 905 | _a50 | ||
| 942 |
_2ddc _cBK _e21 _n0 |
||
| 999 |
_c74784 _d74784 |
||